| 000 | 00531nam a22001457a 4500 | ||
|---|---|---|---|
| 022 | _a0309025559 | ||
| 082 |
_a388.4042 _bNAT _cD |
||
| 100 |
_aTransportation research board national academy of sciences _938755 |
||
| 245 |
_aUrban transportation finance _cTransportation research board national academy of sciences |
||
| 260 |
_aWashington, DC _bTransportation research board national academy of sciences _c1976 |
||
| 300 |
_a40 p,: _bill,: |
||
| 526 |
_a0 _b0 _c0 _d388_404200000000000_NAT |
||
| 650 |
_aNUST _96342 |
||
| 942 |
_2ddc _cBK |
||
| 999 |
_c543400 _d543400 |
||